Data Structures and an Introduction to Algorithms : Lab Manual = (رقم التسجيلة. 13818)

تفاصيل مارك
000 -الفاتح
حقل البيانات ثابتة الطول 00868nam a22002177a 4500
003 - محدد رقم الضبط
رقم الضبط OSt
005 - وقت وتاريخ اخر تعامل مع التسجيلة
رقم الضبط 20150408113914.0
008 - عناصر البيانات ثابتة الطول - معلومات عامة
حقل البيانات ثابتة الطول 110826s2010 jo ||||| |||| 00| 0 eng d
040 ## - مصدر الفهرسة
وكالة النسخ dar ajnadeen
082 ## - رقم تصنيف ديوى العشرى
رقم الطبعة 21
رقم التصنيف 005.73
رقم المادة R R D
100 ## - المدخل الرئيسى - إسم شخصى
الإسم الشخصى Rasras, Rashad J.
9 (RLIN) 3287
245 ## - بيان العنوان
العنوان Data Structures and an Introduction to Algorithms : Lab Manual =
بقية العنوان دليل التجارب في تراكيب البيانات ومقدمة الخوارزميات /
بيان المسئوليه,etc Prepared by Rashad J. Rasras , Rushdi S. Abu Zneit.
246 ## - العنوان الموازى
عنوان صحيح/عنوان مختصر دليل التجارب في تراكيب البيانات ومقدمة الخوارزميات
250 ## - بيان الطبعة
بيان الطبعة 1st ed.
260 ## - PUBLICATION, DISTRIBUTION, ETC. (IMPRINT)
مكان الناشر او الموزع Amman, Jordon :
اسم الناشر او الموزع Dar Aleasar,
تاريخ النشر أو التوزيع 2010
300 ## - الوصف المادى
التعداد 201 p. :
تفاصيل ماديه اخرى للوعاء ill ;
أبعاد الوعاء 24 cm.
650 ## - المدخل الاضافى بالموضوع-مصطلح موضوعى
مصطلح موضوعي أو اسم جغرافي كعنصر مدخل Data Structures.
9 (RLIN) 3288
650 ## - المدخل الاضافى بالموضوع-مصطلح موضوعى
مصطلح موضوعي أو اسم جغرافي كعنصر مدخل Algorithms Lab Manual.
9 (RLIN) 3289
700 ## - المدخل الاضافى - اسم شخصى
الإسم الشخصى Abu Zneit, Rushdi S.
9 (RLIN) 3290
942 ## - عناصر المدخل الإضافي( كوها)
مصدر التصنيف او مخطط الترفيف Dewey Decimal Classification
Koha [default] item type DVD
المقتنيات
حالة الفقد نموذج السعر الفعال حالة تلف ليس للاعارة رقم الطلب تاريخ الاكتساب الموقع الحالي الباركود الفرع الرئيسي Date last seen نوع المادة فى نظام كوها مصدر التصنيف او خطة الترفيف Total Checkouts
  2013-03-10     005.73 R R D 2011-08-26 قسم الاجراءات الفنية (IC) 00102411 قسم الاجراءات الفنية (IC) 2013-03-10 كتاب Dewey Decimal Classification  
  2013-03-10     005.73 R R D 2011-08-26 قسم الاجراءات الفنية (IC) 00102410 قسم الاجراءات الفنية (IC) 2013-03-10 كتاب Dewey Decimal Classification  
  2013-03-10     005.73 R R D 2011-08-26 قسم الاجراءات الفنية (IC) 00102409 قسم الاجراءات الفنية (IC) 2013-03-10 كتاب Dewey Decimal Classification